| Поле | Инд. | ПП | Название | Значение |
|---|---|---|---|---|
| Тип записи | a | |||
| Библиографический уровень | b | |||
| 001 | Контрольный номер | RU/IS/BASE/265907520 | ||
| 005 | Дата корректировки | 20220715140326.6 | ||
| 008 | Кодируемые данные | 20080604 | ||
| 040 | b | Код языка каталог. | rus | |
| e | Правила каталог. | PSBO | ||
| 041 | 0_ | a | Код языка текста | rus |
| 084 | a | Индекс другой классификации/Индекс ББК | 66.033.141 | |
| 100 | 1_ | a | Автор | Итиуридзе Л. А. |
| q | Полное имя | Итиуридзе Лали Алексеевна | ||
| 100 | 1_ | a | Автор | Агапов П. В. |
| q | Полное имя | Агапов Платон Валерьевич | ||
| 245 | 10 | a | Заглавие | Сетевое политическое управление: опыт теоретического анализа |
| 504 | a | Библиография | Библиогр. ссылки. - Примеч. | |
| 650 | a | Основная рубрика | политика | |
| a | Основная рубрика | политология | ||
| 653 | 1_ | a | Ключевые слова | государственное политическое управление |
| a | Ключевые слова | политическая сеть | ||
| a | Ключевые слова | политическое управление | ||
| a | Ключевые слова | руководство | ||
| a | Ключевые слова | сетевое управление | ||
| a | Ключевые слова | сетевой подход | ||
| a | Ключевые слова | социология | ||
| a | Ключевые слова | теория политических сетей | ||
| a | Ключевые слова | типология политических сетей | ||
| 773 | 08 | t | Заглавие источника | Вестник Московского университета. Серия 18, Социология и политология |
| d | Дата издания источника | 2007 | ||
| g | Прочая информация | № 4. - С. 84 - 96 | ||
| w | Контрольный № источника | RU/IS/BASE/261756947 | ||
| 901 | t | Тип документа | b |